[Event "1st Gujarat GM Open 2018"]
[Site "Ahmedabad"]
[Date "2018.10.11"]
[Round "9"]
[White "Bakunts, Rafael"]
[Black "Ziatdinov, Raset"]
[Result "1/2-1/2"]
[WhiteElo "2427"]
[BlackElo "2265"]
[Annotator "TA"]
[PlyCount "44"]
[EventDate "2018.10.05"]
[EventType "swiss"]
[EventCountry "IND"]
[SourceTitle "playchess.com"]
[Source "ChessBase"]
[SourceQuality "1"]

{[%evp 15,44,37,33,32,35,0,30,0,0,0,0,0,0,0,0,0,2,0,6,0,0,0,0,0,0,0,0,0,0,0,0]} 1. d4 d5 2. Nf3 Nf6 3. c4 e6 4. g3 c5 5. cxd5 exd5 6. Bg2 Nc6 7. O-O c4 8. b3 {D30: Queen's Gambit Declined: Systems without Nc3} (8. Ne5 Qb6 9. Nxc6 bxc6 10. Nc3 Bb4 11. Na4 Qa5 12. b3 cxb3 13. axb3 Bf5 14. Ba3 O-O 15. Qc1 Qb5 {1-0 (50) Schreiner,P (2463)-Trussevich,S (2272) Trieste 2018}) 8... cxb3 $1 {LiveBook: 10 Games} 9. axb3 Bb4 10. Ba3 $146 {White is slightly better.} ({Predecessor:} 10. Ne5 O-O 11. Bb2 Qb6 12. e3 Bf5 13. Nc3 Bxc3 14. Bxc3 Nb4 15. Bxb4 Qxb4 {0-1 (44) Fischdick,G (2300)-Fomina,T (2260) Moscow 1994}) 10... O-O 11. Bxb4 Nxb4 {The position is equal.} 12. Qd2 a5 13. Nc3 Bf5 14. Ne5 Rc8 15. Rac1 Re8 16. e3 Re7 17. Nb5 Bc2 18. Na7 Rcc7 19. Nb5 Rc8 20. Na7 Rcc7 21. Nb5 Rc8 22. Na7 Rcc7 {Precision: White = 80%, Black = 76%.} 1/2-1/2

[Event "1st Gujarat GM Open 2018"]
[Site "Ahmedabad"]
[Date "2018.10.11"]
[Round "9"]
[White "Akash G"]
[Black "Malakhatko, Vadim"]
[Result "0-1"]
[WhiteElo "2424"]
[BlackElo "2552"]
[Annotator "TA"]
[PlyCount "110"]
[EventDate "2018.10.05"]
[EventType "swiss"]
[EventCountry "IND"]
[SourceTitle "playchess.com"]
[Source "ChessBase"]
[SourceQuality "1"]

{[%evp 15,110,75,84,80,81,66,129,117,127,104,145,149,167,66,75,90,84,85,60,29,33,0,22,16,12,27,26,23,52,-36,-25,-48,-41,-34,0,-31,-27,-56,-56,-101,-108,-108,-104,-105,-106,-124,-144,-137,-130,-141,-140,-187,-174,-156,-157,-298,-152,-176,-175,-178,-176,-169,-175,-176,-131,-135,-112,-148,-167,-189,-171,-262,-288,-298,-298,-431,-428,-383,-393,-485,-479,-481,-507,-497,-483,-403,-329,-534,-524,-1711,-1708,-5081,-4133,-29985,-29986,-29997,-29998]} 1. e4 e6 2. d4 d5 3. Nc3 Bb4 4. e5 Qd7 5. Qg4 f5 6. Qg3 b6 7. Nh3 Ba6 8. Bxa6 Nxa6 9. Nf4 {C16: French: 3 Nc3 Bb4 4 e5: Lines without ...c5} Bf8 (9... O-O-O 10. O-O Bxc3 11. Qxc3 g5 12. Nd3 f4 13. a4 Nb8 14. b4 a6 15. Bd2 Qf7 16. a5 b5 {½-½ (33) Saglione,E (2529)-Mary,P (2537) ICCF email 2011}) 10. a3 O-O-O (10... c5 $14) 11. b4 $146 {White is better.} ({Predecessor:} 11. Qd3 Kb7 12. b4 g5 13. Nfe2 f4 14. b5 Nb8 15. h4 gxh4 16. Bxf4 {½-½ (35) Eberth,Z (2205)-Mokcsay,R (2265) Aggtelek 1993}) 11... c6 12. Bd2 Kb7 13. O-O Ne7 {[%cal Bg8e7,Be7c6,Bc6a5,Ba5c4][%mdl 32]} 14. b5 (14. Rfb1 $18) 14... cxb5 $14 15. Rfb1 Nc7 16. a4 b4 17. Nb5 {Hoping for Nd6+.} Nc6 18. c3 Nxb5 19. axb5 Na5 20. cxb4 Nc4 21. Ra2 g6 22. Nd3 (22. Be1 $14) 22... Qxb5 23. Qh4 Qd7 ({Not} 23... Nxd2 $2 24. Rxa7+ $1 {[%mdl 512]} Kxa7 25. Ra1+ Kb7 26. Qxd8 $18) 24. Nc5+ Bxc5 25. bxc5 Ra8 26. Qh3 Rhb8 27. cxb6 axb6 28. Rxa8 Rxa8 29. Bb4 Ra2 30. Qh6 {[#]} Rb2 $1 {[%cal Rb2b1]} 31. Rxb2 Nxb2 32. h4 Nc4 33. Bf8 Ka6 34. Kh2 Qf7 35. Bg7 (35. Bd6 $17) 35... Qg8 (35... b5 $19 36. Bf8 Ka5) 36. Bf6 Na5 37. Qc1 Kb7 38. Be7 Nc6 39. Bd6 Qg7 ({But not} 39... Nxd4 $6 40. Qc7+ Ka6 41. Qd7 $15) 40. Qb2 Qd7 41. Bc5 Qc7 {White must now prevent ...Nxe5!} 42. Bd6 Qd8 43. g3 {[#]} (43. Kh3 {was worth a try.}) 43... Qa8 $1 $19 44. h5 gxh5 45. Qd2 (45. Kg2 $142) 45... Qa4 46. Qh6 Nxd4 47. Qxh7+ Ka6 48. Qxh5 Qc2 49. Qe8 Qxf2+ 50. Kh3 {intending Qa4+.} Qc2 51. Qa8+ (51. Kh4 $142) 51... Kb5 52. Qa3 {Qb4+ would now be nice for White.} Qb3 53. Qa1 Ne2 {[%csl Ge2][%cal Rb3g3]} 54. Qe1 Nf4+ 55. Kh2 Qc2+ {Precision: White = 36%, Black = 70%.} 0-1

[Event "1st Gujarat GM Open 2018"]
[Site "Ahmedabad"]
[Date "2018.10.11"]
[Round "9"]
[White "Sardana, Rishi"]
[Black "Abu Sufian, Shakil"]
[Result "1/2-1/2"]
[WhiteElo "2418"]
[BlackElo "2247"]
[Annotator "TA"]
[PlyCount "66"]
[EventDate "2018.10.05"]
[EventType "swiss"]
[EventCountry "IND"]
[SourceTitle "playchess.com"]
[Source "ChessBase"]
[SourceQuality "1"]

{[%evp 19,66,25,29,1,9,-4,0,-64,-67,-58,-17,-17,-17,-18,-16,-14,0,0,0,0,0,-14,9,-14,-6,-16,-13,-20,0,-3,0,-4,-11,-6,0,0,0,0,0,0,0,0,0,0,0,0,0,0,0]} 1. e4 c5 2. Nf3 d6 3. Bb5+ Bd7 4. Bxd7+ Qxd7 5. c4 Nf6 6. Nc3 g6 7. d4 cxd4 8. Nxd4 Bg7 9. f3 Nc6 10. Be3 O-O 11. b3 {B52: Sicilian: Moscow Variation with 3...Bd7} (11. O-O a6 12. Na4 Rab8 13. Nxc6 Qxc6 14. Nb6 Nd7 15. Nxd7 Qxd7 16. Rf2 b5 17. c5 Qa7 18. Rc1 dxc5 19. Bxc5 Qc7 {1-0 (50) Caruana,F (2807)-Kasparov,G (2812) Saint Louis 2017}) 11... e6 {[%cal Be7e6,Be6d5,Bd5d4][%mdl 32]} 12. O-O d5 13. Nxc6 $146 ({White should play} 13. cxd5 $11 exd5 14. Nxc6 Qxc6 15. Rc1 (15. Nxd5 Nxd5 16. exd5 Qc3 $17)) ({Predecessor:} 13. exd5 exd5 14. Nxc6 Qxc6 15. Nxd5 Nxd5 16. cxd5 Qc3 17. Qe2 Rfe8 18. Rae1 Rxe3 19. Qxe3 Bd4 {0-1 (19) Bagamasbad,E-Bolico,J Greenhills 1996}) 13... Qxc6 $15 14. exd5 Nxd5 15. Nxd5 {The position is equal.} exd5 16. Rc1 {[%cal Ba1c1,Bc1c2,Bc2e2][%mdl 32]} (16. cxd5 Qc3 $17) 16... d4 17. Bf2 Rfd8 18. Qd3 Qc5 19. Rfe1 a5 20. Rc2 Bf6 21. Rce2 a4 22. g4 axb3 23. axb3 {[#]} b5 $1 {[%mdl 512]} 24. cxb5 Rab8 25. h4 h6 ({Don't blunder} 25... Qxb5 $2 26. Qxb5 Rxb5 27. Re8+ (27. g5 Bg7 $14) 27... Kg7 28. g5 $18 (28. Rxd8 Bxd8 29. Bxd4+ Kf8 $11)) (25... Rxb5 $2 26. Re8+ (26. g5 Bg7 $16) 26... Rxe8 27. Rxe8+ Kg7 28. g5 $18) 26. f4 Qxb5 (26... Qd5 {is interesting.} 27. g5 hxg5 28. hxg5 Bg7 29. Re7 Rf8) 27. Qxb5 Rxb5 28. g5 {[#] Re8+ is the strong threat.} hxg5 29. Re8+ Rxe8 30. Rxe8+ Kh7 31. hxg5 Bg7 32. Rd8 Rxb3 33. Bxd4 Bxd4+ {Precision: White = 56%, Black = 48%.} 1/2-1/2

[Event "1st Gujarat GM Open 2018"]
[Site "Ahmedabad"]
[Date "2018.10.11"]
[Round "9"]
[White "Thipsay, Praveen M"]
[Black "Jeet, Jain"]
[Result "0-1"]
[WhiteElo "2410"]
[BlackElo "2185"]
[Annotator "TA"]
[PlyCount "91"]
[EventDate "2018.10.05"]
[EventType "swiss"]
[EventCountry "IND"]
[SourceTitle "playchess.com"]
[Source "ChessBase"]
[SourceQuality "1"]

{[%evp 23,91,0,11,12,12,1,15,14,27,17,8,19,14,0,0,0,0,-73,-74,-74,-66,-62,-68,-56,-60,-224,-222,-212,-208,-220,-209,-209,-209,-207,-222,-262,-267,-295,-296,-493,-494,-480,-450,-462,-455,-617,-617,-587,-581,-720,-717,-637,-598,-720,-720,-688,-688,-687,-647,-812,-798,-868,-864,-693,-678,-1081,-993,-963,-897,-736]} 1. e4 e5 2. Nf3 Nc6 3. Bb5 {[%cal Bf1b5,Bb5a4,Ba4b3][%mdl 32]} a6 4. Ba4 Nf6 5. O-O b5 6. Bb3 Bc5 7. a4 Rb8 8. axb5 axb5 9. c3 d6 10. d4 Bb6 11. h3 Bb7 12. Re1 O-O 13. Bg5 {C78: Ruy Lopez: Archangelsk and Möller Defences} (13. Na3 exd4 14. cxd4 Na5 15. Bc2 b4 16. Nb1 Re8 17. Nbd2 b3 18. Bb1 Qd7 19. e5 dxe5 20. dxe5 Nh5 {1-0 (37) Topalov,V (2772)-Nakamura,H (2787) Saint Louis 2014 CBM 162 [Szabo,Kr]}) 13... h6 14. Bh4 g5 15. Bg3 {The position is equal.} Re8 {[#]} 16. dxe5 $146 ({Predecessor:} 16. d5 Ne7 17. Nh2 Bc8 18. Kf1 Ng6 19. Ng4 Kg7 20. f3 Nxg4 21. fxg4 {½-½ (76) Asrian,K (2575)-Blehm,P (2479) Yerevan 1999}) 16... Nxe5 17. Nxe5 dxe5 18. Nd2 Qd3 $36 {[%mdl 2048] Black has the initiative.} 19. Kh2 Rbd8 20. Qf3 {[#]} (20. Nf3 $11 {keeps the balance.} Qd6 21. Qe2) 20... Qxf3 $1 $17 21. Nxf3 Nxe4 22. Nxe5 Kg7 23. Nxf7 Rd2 24. Be5+ $2 {[#]} (24. f3 $1 $15 Rxb2 25. Be5+ Rxe5 26. Nxe5) 24... Rxe5 $1 $19 {[%mdl 512]} 25. Nxe5 {f3 is the strong threat.} Bxf2 26. Red1 Bg3+ 27. Kg1 {aiming for Rxd2.} Bxe5 28. Rxd2 Nxd2 29. Bc2 Nc4 30. Ra7 Bd5 31. b3 $2 (31. Bb3) 31... Ne3 {Black is clearly winning.} 32. Bd3 Nxg2 33. Bxb5 Nf4 34. Bf1 Bxb3 35. Ra3 Be6 36. c4 h5 37. Kf2 Bd7 38. Ra5 Kf6 39. Ra6+ c6 {[%cal Bc7c6,Bc6c5][%mdl 32]} 40. Ra3 Bd4+ 41. Kf3 Ke5 42. Kg3 h4+ 43. Kh2 Bf2 44. Ra5+ c5 45. Bg2 Bg3+ 46. Kg1 {Precision: White = 40%, Black = 100%.} 0-1

[Event "1st Gujarat GM Open 2018"]
[Site "Ahmedabad"]
[Date "2018.10.11"]
[Round "9"]
[White "Arjun Kalyan"]
[Black "Pranav Vijay"]
[Result "1/2-1/2"]
[WhiteElo "2408"]
[BlackElo "2265"]
[Annotator "TA"]
[PlyCount "178"]
[EventDate "2018.10.05"]
[EventType "swiss"]
[EventCountry "IND"]
[SourceTitle "playchess.com"]
[Source "ChessBase"]
[SourceQuality "1"]

{[%evp 22,177,20,20,51,50,51,56,37,46,80,23,34,48,51,38,47,33,43,0,2,0,0,0,-2,0,22,0,0,8,4,-25,-40,-95,-100,-98,-97,-109,-105,-94,-103,-100,-95,-93,-66,-69,-66,-77,-72,-67,-32,-311,-310,-307,-306,-308,-300,-321,-263,-274,-274,-262,-259,-4132,-217,-217,-217,-217,-217,-217,-217,-217,-217,-400,-318,-422,-422,-327,-297,-422,-422,-415,-414,-7271,-6623,-6115,-6383,-5972,-6014,-3426,-222,-429,-20,-20,-20,-20,-20,-20,-20,-20,-20,-24,-24,-24,-24,-24,-24,-24,-24,-24,-24,-24,-20,-20,0,-24,-24,-24,-24,-24,-24,-24,-24,-24,-24,-24,-24,-24,-24,-32,-32,-32,-32,-32,0,-32,-32,-32,-32,-32,-32,-32,-32,-32,-32,-32,-32,-32,-32,-32,-32,-32,-32,-32,-32,-32,-20,-40]} 1. e4 c5 2. Nf3 {[%cal Bg1f3,Bf3d4,Bd4b5,Bb5a3,Ba3c2][%mdl 32]} Nc6 3. d4 cxd4 4. Nxd4 Nf6 5. Nc3 e5 6. Ndb5 d6 7. Bg5 a6 8. Na3 b5 9. Nd5 Be7 10. Bxf6 Bxf6 11. c3 O-O 12. Nc2 g6 {B33: Sicilian: Pelikan and Sveshnikov Variations} (12... Bg5 13. a4 bxa4 14. Rxa4 a5 15. Bc4 Rb8 16. b3 Kh8 17. Nce3 g6 18. h4 Bxh4 19. g3 Bg5 20. f4 exf4 21. gxf4 Bh4+ 22. Kf1 Be6 23. Ra2 f5 24. Rah2 g5 {½-½ (37) Yu,Y (2760)-Lenic,L (2662) chess.com INT 2018}) 13. a4 bxa4 14. Nxf6+ Qxf6 {White is slightly better.} 15. Rxa4 Bb7 $146 ({Predecessor:} 15... a5 16. Ne3 Ne7 17. Bc4 Bd7 18. Ra2 a4 19. O-O Rab8 20. Qd3 {1-0 (51) Smith,A (2136)-Zapolskis,A (2294) London 2016}) 16. g3 (16. Ne3 $1 $16) 16... Ne7 17. Bg2 Bc6 18. Ra5 Bb5 19. b3 Rfb8 20. c4 Bd7 21. Qd3 Nc6 22. Ra3 a5 23. O-O Rd8 24. Qc3 Rab8 25. f4 Qe7 26. f5 {[#]} d5 $1 {[%mdl 512]} 27. fxg6 ({White should play} 27. f6 $1 $15 Qc5+ 28. Qe3) (27. cxd5 Nd4) 27... hxg6 $17 {Strongly threatening ...Nd4!} 28. exd5 Nd4 $1 {[%cal Rd4e2]} 29. Qd2 Nxc2 30. d6 Bf5 31. Qxc2 Qxd6 ({Much worse is} 31... Rxd6 $6 32. Qb2 $11) 32. Qa2 Qc5+ 33. Kh1 Qe3 $36 {[%mdl 2048] Black has some pressure.} 34. Qf2 $1 {[%cal Rf2e3]} Qxf2 35. Rxf2 e4 {[%cal Be5e4,Be4e3][%mdl 32] White must now prevent ...e3.} 36. h3 $2 {[%mdl 8192]} (36. Rf1 $15) 36... e3 $1 $19 {[%cal Re3f2]} 37. Re2 Rd1+ 38. Kh2 Re8 $1 39. b4 Bd3 ({Weaker is} 39... axb4 40. Raxe3 Rxe3 41. Rxe3 $19) 40. Rxd3 Rxd3 41. bxa5 {[%mdl 4096] Endgame KRR-KRB} Rd2 42. Bf3 $2 (42. Re1) 42... Re6 $2 (42... Rb8 43. Kg2 Rbb2 44. Rxd2 exd2) 43. g4 Ra6 44. Kg3 Rxe2 ({Don't take} 44... Rxa5 45. Rxe3 Kg7 46. Bd5 $17) 45. Bxe2 Rxa5 {KR-KB} 46. Kf4 Ra3 47. h4 $2 (47. g5) 47... Kg7 48. g5 f6 49. gxf6+ Kxf6 50. Ke4 (50. h5 {was the only defense.} g5+ 51. Ke4) 50... Ra8 51. Kxe3 {[#]} Rh8 $1 52. c5 (52. Bg4 $142) 52... Rxh4 53. c6 {[#]} Ke6 $1 {[%cal Re6d6]} 54. Bd3 g5 55. Bg6 Rc4 $2 (55... Rh8 56. Be4 Rh3+ 57. Kd4 Kd6) 56. Be8 g4 $2 ({Better is} 56... Rf4 $19 {Hoping for ...Kd5.} 57. Bh5 Kd6) 57. Bd7+ $11 Kd6 {aiming for ...g3.} 58. Kf2 $1 Rc3 {...g3+ is the strong threat.} 59. Bxg4 Kxc6 60. Ke2 Kd5 61. Kd2 Kd4 62. Bd7 Rc7 63. Be6 Re7 64. Bc8 Rh7 65. Ke2 Ke4 66. Kd2 Re7 (66... Ra7 {feels hotter.} 67. Bg4 Ra3 68. Bc8 Kd4 69. Ke2 Re3+) 67. Bg4 Kd4 68. Kc2 Rg7 69. Bf5 Rg3 70. Kb2 Rc3 71. Bg6 Kc4 72. Bf7+ Kb4 73. Bg6 Rg3 74. Bf5 Rg2+ 75. Ka1 Kc3 76. Bb1 Rg7 77. Ba2 Rg2 78. Bb1 Kb3 79. Bf5 Re2 80. Bb1 Rb2 81. Bf5 Ra2+ 82. Kb1 Rf2 {[%cal Rf2f1]} 83. Be6+ Kc3 84. Ka1 Rf1+ 85. Ka2 Rf6 86. Bg8 Rf2+ 87. Ka1 Kb4 88. Bh7 Ka3 89. Bb1 Rf1 $2 {[%mdl 8192] Precision: White = 61%, Black = 61%.} (89... Rb2) 1/2-1/2

[Event "1st Gujarat GM Open 2018"]
[Site "Ahmedabad"]
[Date "2018.10.11"]
[Round "9"]
[White "Fominyh, Alexander"]
[Black "Pranesh M"]
[Result "1-0"]
[WhiteElo "2405"]
[BlackElo "2028"]
[Annotator "TA"]
[PlyCount "155"]
[EventDate "2018.10.05"]
[EventType "swiss"]
[EventCountry "IND"]
[SourceTitle "playchess.com"]
[Source "ChessBase"]
[SourceQuality "1"]

{[%evp 14,154,16,29,39,17,22,34,105,0,13,11,10,0,0,0,-18,-8,-4,-16,53,39,47,51,58,56,71,15,15,22,11,14,14,20,22,18,27,6,6,6,25,5,8,3,64,64,64,64,64,43,64,51,83,0,64,64,64,64,64,64,64,64,125,80,80,64,104,104,104,104,104,104,104,104,104,104,495,480,485,80,80,80,431,368,368,308,373,222,2239,1969,1743,1468,29975,29976,29974,29975,29975,29975,29980,29981,29981,29981,29984,29985,29985,29986,29987,29986,29987,29986,29987,29986,29987,29988,29988,29988,29989,29990,29990,29991,29992,29993,29993,29994,29994,29993,29993,29993,29994,29995,29995,29995,29995,29995,29996,29997,29997,29997,29997,29998,29998,29999,29999]} 1. Nf3 Nf6 2. c4 e6 3. g3 d5 4. Bg2 Be7 5. d4 O-O 6. Qc2 a6 7. Nbd2 {E06: Closed Catalan: Early deviations} (7. Bf4 dxc4 8. Qxc4 Bd6 9. Ne5 Nd5 10. Nc3 Nxf4 11. gxf4 Nd7 12. e3 Nb6 13. Qb3 f5 14. h4 a5 15. a3 c6 16. h5 {1-0 (55) Vitiugov,N (2729)-Fedoseev,V (2684) Karlsruhe 2017}) 7... Nbd7 8. O-O {LiveBook: 17 Games} b6 9. Ne5 {White is slightly better.} Bb7 10. cxd5 Nxe5 $146 {[#]} (10... Nxd5 $14 11. Nc6 Nb4 12. Nxb4 Bxg2) ({Predecessor:} 10... Nxd5 11. Nc6 Bxc6 12. Qxc6 N7f6 13. a3 Qd7 14. Qc2 b5 15. Nf3 Rfc8 {1-0 (24) Hoenick,A (2141)-Arias Castanedo,J (1863) Calvia 2014}) 11. dxe5 (11. d6 $1 $16 {[%cal Rd6e7]} Bxg2 12. dxe7 Qxe7 13. dxe5 Bxf1 14. exf6 Qxf6 15. Nxf1 (15. Kxf1 Rad8 $14)) 11... Nxd5 $11 12. a3 {e4 is the strong threat.} c5 13. Rd1 {aiming for e4.} b5 $1 14. e4 Nb6 15. Nc4 Qc7 16. Nd6 Bxd6 (16... Rad8 $11) 17. exd6 $14 ({Of course not} 17. Rxd6 Nc4 $15) 17... Qc6 18. b3 Rfd8 19. Be3 Rac8 20. Rac1 (20. f4 $16) 20... Rxd6 $11 21. Rxd6 Qxd6 22. Bxc5 Qd8 23. Qd1 {Threatens to win with Qxd8+.} Nd7 24. Bd4 $36 {[%mdl 2048] Black is under pressure.} h6 25. h4 Nf6 26. Rxc8 Bxc8 (26... Qxc8 {with more complications.} 27. Bxf6 gxf6 28. Qd4 f5 29. exf5 Bxg2 30. Kxg2 exf5 31. a4 Qc6+) 27. Qa1 (27. e5 {keeps more tension.} Nd5 28. Bc5 a5 29. Qd4 Bb7 30. Be4) 27... Bb7 28. Bxf6 (28. a4 {feels hotter.} Nxe4 29. Bxg7 Qd2 30. Qd4 h5 31. Qxd2 Nxd2 32. Bxb7 Kxg7 33. axb5 axb5 34. b4) 28... Qxf6 (28... gxf6 $11 29. Qc3 Kg7) 29. Qxf6 $14 gxf6 $11 {[%mdl 4096] Endgame KB-KB} 30. Kf1 Kf8 31. Ke2 Ke7 32. Kd3 Kd7 33. f4 (33. Bf1 $16) 33... e5 ({Black should try} 33... f5 $11) 34. Bh3+ $14 Kd6 35. b4 Ke7 36. Ke3 Kf8 37. Bd7 Kg7 (37... Ke7 $14 38. Bf5 Kd6) 38. Bg4 Kf8 39. Bd1 Kg7 40. Bb3 Kf8 41. Bd5 Bc8 42. Kf3 Kg7 43. Bc6 Kf8 44. f5 h5 $2 {[%mdl 8192]} (44... Ke7 $16) 45. Ke3 Ke7 46. Kd3 $2 (46. Bd5 $18 {Hoping for Bb3.} Kf8 47. Bb3) 46... Kd6 $16 47. Ba8 Ke7 $2 {[%mdl 8192]} (47... Bd7 $16) 48. Bd5 $18 Kf8 49. Kc3 Kg7 50. Kb3 (50. Bc6 $142 Kf8 51. Kd3) 50... Kg8 $2 (50... Kf8 51. a4 Ke7) 51. Bc6 Kf8 52. a4 bxa4+ 53. Kxa4 {White mates.} Ke7 {[#]} 54. Ka5 $1 {[%cal Ra5b6]} Kd6 55. Kb6 a5 56. bxa5 Ba6 57. Bb7 Be2 58. a6 Bxa6 59. Bxa6 {KB-KP} Ke7 60. Be2 Kf8 61. Bxh5 {KB-K3P} Kg7 62. Be2 Kh6 63. Kc6 Kg7 64. Kd6 Kh8 65. Ke7 Kg7 66. g4 Kh8 67. Kxf7 Kh7 68. Kxf6 Kh8 69. Kxe5 Kg7 70. Kd6 Kh7 71. e5 Kh8 72. e6 Kg7 73. g5 {[%cal Bg4g5,Bg5g6][%mdl 32]} Kh7 74. e7 Kg7 75. Bh5 Kh7 76. f6 Kg8 77. g6 {[%cal Re7e8]} Kh8 78. e8=Q# {Precision: White = 62%, Black = 38%.} 1-0

[Event "1st Gujarat GM Open 2018"]
[Site "Ahmedabad"]
[Date "2018.10.11"]
[Round "9"]
[White "Rahul Srivatshav P"]
[Black "Michelle Catherina, P."]
[Result "0-1"]
[WhiteElo "2395"]
[BlackElo "2147"]
[Annotator "TA"]
[PlyCount "130"]
[EventDate "2018.10.05"]
[EventType "swiss"]
[EventCountry "IND"]
[SourceTitle "playchess.com"]
[Source "ChessBase"]
[SourceQuality "1"]

{[%evp 15,130,16,65,0,0,0,0,0,-7,-14,-20,-20,-18,-75,-73,-102,-96,-177,-176,-166,-99,-128,-122,-157,-169,-172,-141,-193,-8,-10,-5,-8,-12,-22,-25,-28,-35,-36,-29,-31,-26,-62,-25,-36,-25,-58,-52,-57,-46,-44,-44,-49,-39,-51,-39,-39,-39,-39,-44,-51,-46,-56,0,0,0,0,0,0,0,0,0,-22,0,0,0,-230,-224,-250,-224,-386,-385,-387,-322,-466,-367,-391,-376,-670,-597,-599,-599,-670,-670,-670,-670,-5289,-5265,-2052,-930,-1000,-930,-5484,-5459,-5085,-859,-4698,-1728,-4134,-2012,-5629,-5629,-5197,-5181,-4132,-1851,-5467,-5459]} 1. b3 e5 2. Bb2 Nc6 3. Nf3 e4 4. Nd4 Nxd4 5. Bxd4 d5 6. e3 {A01: Nimzowitsch-Larsen Opening} Nf6 (6... Ne7 7. Bb2 Nc6 8. d3 Qg5 9. Nc3 Bb4 10. a3 Bxc3+ 11. Bxc3 Bg4 12. Qd2 O-O-O 13. d4 {½-½ (24) Jobava,B (2687)-Nepomniachtchi,I (2751) Tbilisi 2017}) 7. c4 dxc4 8. Bxc4 Bd6 {LiveBook: 5 Games} 9. f3 $146 (9. Nc3 $14) ({Predecessor:} 9. Nc3 Bf5 10. f3 O-O 11. O-O Bg6 12. fxe4 Nxe4 13. Nxe4 Bxe4 14. Qg4 {1-0 (43) Li,R (2568)-Esipenko,A (2523) Saint Louis 2017}) 9... c5 10. Bb2 O-O 11. O-O Qe7 12. Nc3 exf3 13. Qxf3 Ng4 $36 {[%mdl 2048] Black has some pressure.} 14. h3 (14. g3 $1 $11 {remains equal.}) 14... Nh2 $17 15. Qh5 {Threatens to win with Nd5.} Nxf1 16. Nd5 (16. Rxf1 $17 {was called for.} Qe5 17. Bxf7+ Kh8 18. Qxe5 Bxe5 19. d4 cxd4 20. Nd5) 16... Qe4 $1 $19 17. Rxf1 {Black must now prevent Qg5.} Qg6 ({Black should play} 17... Be6 $1 $19 18. d3 Qg6 19. Qxg6 hxg6) 18. Qf3 Be6 19. e4 Qg5 20. Qc3 Rfe8 21. h4 {[#]} (21. Rf3 $17) 21... Qe5 $2 (21... Qg3 $1 $19 {[%cal Rg3h2]} 22. Qxg3 Bxg3) 22. Qxe5 $11 Bxe5 23. Bxe5 Bxd5 $1 24. Bxd5 Rxe5 25. Bxf7+ {[%mdl 4096] Endgame KRR-KRB} Kh8 26. Bd5 Re7 27. h5 Rd8 28. Rf3 b6 29. Kf2 h6 30. d3 Kh7 31. Bf7 Rd6 32. Ke3 Rf6 33. Bg6+ $1 Kg8 34. Bf5 Kf8 35. g4 Ke8 36. Rf2 Kd8 37. Rc2 a5 38. a3 Rc7 (38... Rd6 $15) 39. e5 Rf8 40. Ke4 Re8 41. Rc4 Rf8 42. Rc1 Re8 43. Rc2 Rf8 44. e6 Ke7 45. d4 $2 (45. Ke5 $1 $11 {and White is okay.}) 45... Rfc8 $19 46. d5 {[#] aiming for Ke5.} Kd6 $1 47. Rc3 $2 (47. Rb2 {keeps fighting.}) 47... b5 {[%cal Bb6b5,Bb5b4,Bb4c3][%mdl 32]} 48. Re3 Rb8 49. Rc3 (49. Kd3 $142) 49... Rbb7 50. Rc1 c4 51. Rc3 $2 (51. b4 axb4 52. axb4) 51... cxb3 {Black is clearly winning.} 52. Rxb3 b4 53. a4 Rc3 54. Rxc3 bxc3 {KR-KB} 55. Kd4 Rc7 56. Bc2 Rc5 57. e7 Rxd5+ 58. Kc4 Re5 59. Kxc3 Kxe7 (59... Rxe7 $142 60. Kb2 Re3) 60. Kd4 Kd6 61. Bf5 Re2 62. Kc4 Rb2 63. Kc3 Rb4 64. Bc2 Rxg4 65. Kb3 Ke5 {Precision: White = 40%, Black = 66%.} 0-1

[Event "1st Gujarat GM Open 2018"]
[Site "Ahmedabad"]
[Date "2018.10.11"]
[Round "9"]
[White "Raghunandan, Kaumandur Srihari"]
[Black "Mrudul Dehankar"]
[Result "0-1"]
[WhiteElo "2394"]
[BlackElo "1996"]
[Annotator "TA"]
[PlyCount "86"]
[EventDate "2018.10.05"]
[EventType "swiss"]
[EventCountry "IND"]
[SourceTitle "playchess.com"]
[Source "ChessBase"]
[SourceQuality "1"]

{[%evp 22,85,41,37,33,38,38,44,45,42,42,49,39,45,45,43,36,29,143,25,40,22,24,24,97,95,86,73,89,68,113,88,105,92,82,71,129,0,0,0,0,0,0,0,0,0,0,-52,-72,-455,-460,-427,-403,-474,-307,-845,-825,-810,-768,-29997,-29997,-29997,-29998,-29998,-29999,-29999]} 1. d4 Nf6 2. c4 e6 3. Nf3 Bb4+ 4. Nbd2 b6 5. a3 Bxd2+ 6. Qxd2 Bb7 7. e3 O-O 8. Be2 Ne4 9. Qc2 f5 10. O-O d6 11. b3 Nd7 12. Bb2 a5 {E14: Queen's Indian: Classical Variation (4 e3)} 13. d5 (13. Rad1 Ng5 14. Ne1 Nh3+ 15. Kh1 Qh4 16. Bf3 Bxf3 17. Nxf3 Qh5 18. Nd2 Ng5 19. f4 {1-0 (61) Yu,Y (2760)-Wan,Y (2500) China 2018}) 13... e5 14. Nd2 Nxd2 {White is slightly better.} 15. Qxd2 Nc5 16. Qc2 c6 17. b4 Nd7 $1 18. dxc6 Bxc6 19. Rfd1 $36 {[%mdl 2048] [#] White has good play.} Rf6 $146 {[#]} (19... Qg5 $11 20. g3 Qh6) 20. f3 ({Better is} 20. c5 $1 $16) 20... Qe7 21. Bf1 Kh8 22. Bc3 f4 (22... Rg6 $11) 23. exf4 $16 Rxf4 24. Qd2 Rf6 25. Qe3 a4 26. Rd2 Raf8 {[%cal Rc6f3]} 27. Be2 Rh6 {White should prevent ...Qh4.} 28. Rad1 Qh4 (28... Rf4 $142) 29. Rxd6 ({Only move:} 29. h3 $16 Qe7 30. Rd4) 29... Qxh2+ $11 30. Kf1 Qh1+ $1 31. Kf2 Qh4+ 32. Kf1 {[#] Hoping for Rxh6.} Qh1+ 33. Qg1 {Black must now prevent Rxc6!} Bxf3 $1 34. Bxf3 ({But not} 34. gxf3 $2 Rxf3+ 35. Bxf3 Qxf3+ 36. Ke1 Qxc3+ 37. R6d2 e4 $19) (34. Qxh1 $11 Rxh1+ 35. Kf2 Rxd1 36. Rxd1 Bxe2+ 37. Kxe2) 34... Rxf3+ $15 35. gxf3 $4 {[%mdl 8192]} (35. Ke2 $17 Qxg1 36. Rxg1 Rxc3 37. Rxd7) 35... Qxf3+ $19 36. Ke1 Qxc3+ 37. Kf2 Qc2+ 38. Ke1 $2 (38. R6d2 Qe4 39. Re2 Qh4+ 40. Kf1 Qh3+ 41. Ke1) 38... Qe4+ 39. Kf2 Rh3 {( -> ...Rf3+)} 40. Qg5 Qf3+ {Black mates.} 41. Ke1 Rh1+ 42. Kd2 Rxd1+ 43. Kc2 Qb3# {Precision: White = 37%, Black = 54%.} 0-1